Mari belajar matematik bersama Upin & Ipin 1 (Record no. 119932)

MARC details
000 -LEADER
fixed length control field 00687nam a2200229 i 4500
001 - CONTROL NUMBER
control field C2-0319057
003 - CONTROL NUMBER IDENTIFIER
control field PPAK
005 - DATE AND TIME OF LATEST TRANSACTION
control field 20180728114846.0
008 - FIXED-LENGTH DATA ELEMENTS--GENERAL INFORMATION
fixed length control field 121017s2011 my a|||| ||||| | may d
020 ## - INTERNATIONAL STANDARD BOOK NUMBER
International Standard Book Number 9789830687162
040 ## - CATALOGING SOURCE
Original cataloging agency PPAK
Language of cataloging eng
Transcribing agency PPAK
Description conventions rda
082 04 - DEWEY DECIMAL CLASSIFICATION NUMBER
Classification number 513.076
Edition number 23
090 00 - LOCALLY ASSIGNED LC-TYPE CALL NUMBER (OCLC); LOCAL CALL NUMBER (RLIN)
Classification number (OCLC) (R) ; Classification number, CALL (RLIN) (NR) 513.076
Feature heading MAR
Feature heading K
245 00 - TITLE STATEMENT
Title Mari belajar matematik bersama Upin & Ipin 1
264 #1 - PRODUCTION, PUBLICATION, DISTRIBUTION, MANUFACTURE, AND COPYRIGHT NOTICE
Place of production, publication, distribution, manufacture Kuala Lumpur :
Name of producer, publisher, distributor, manufacturer Institut Terjemahan Negara Malaysia ,
Date of production, publication, distribution, manufacture, or copyright notice 2011
300 ## - PHYSICAL DESCRIPTION
Extent 32 pages :
Other physical details colour illustrations ;
Dimensions 22 cm
336 ## - CONTENT TYPE
Source rdacontent
Content type term text
337 ## - MEDIA TYPE
Source rdamedia
Media type term unmediated
338 ## - CARRIER TYPE
Source rdacarrier
Carrier type term volume
650 10 - SUBJECT ADDED ENTRY--TOPICAL TERM
Topical term or geographic name entry element Arithmetic - Problems, exercises, etc.
942 ## - ADDED ENTRY ELEMENTS (KOHA)
-- dc
Koha item type Book
Holdings
Withdrawn Not for loan Current library Shelving location Date acquired Full call number Barcode Date last seen Koha item type Total Checkouts Total Renewals Date last checked out Checked out
    Perpustakaan Alor Setar Pinjaman Kanak-kanak 25/11/2012 K 513.076 MAR A01393540 14/02/2026 Book 8 1 14/02/2026 07/03/2026
    Perpustakaan Alor Setar Pinjaman Kanak-kanak 25/11/2012 K 513.076 MAR A01393541 09/12/2019 Book 5   18/11/2019  
    Perpustakaan Awam Sungai Petani Pinjaman Kanak-kanak 25/11/2012 K 513.076 MAR A01393542 05/02/2025 Book 3   03/02/2025  
    Perpustakaan Baling Pinjaman Kanak-kanak 25/11/2012 K 513.076 MAR A01393546 16/02/2025 Book 1   26/01/2025  
    Perpustakaan Jitra Pinjaman Kanak-kanak 25/11/2012 K 513.076 MAR A01393543 08/03/2023 Book 2 1 25/01/2023  
    Perpustakaan Kuala Nerang Pinjaman Kanak-kanak 25/11/2012 K 513.076 MAR A01393550 10/02/2019 Book 1 1 10/01/2019  
    Perpustakaan Langkawi Pinjaman Kanak-kanak 25/11/2012 K 513.076 MAR A01393544 28/12/2023 Book 1   21/12/2023  
    Perpustakaan Merbok Pinjaman Kanak-kanak 25/11/2012 K 513.076 MAR A01393552 23/07/2024 Book 3   02/04/2024  
    Perpustakaan Sik Pinjaman Kanak-kanak 25/11/2012 K 513.076 MAR A01393548 09/05/2018 Book        
    Perpustakaan Yan Pinjaman Kanak-kanak 25/11/2012 K 513.076 MAR A01393547 09/05/2018 Book